LEADER 00833nam0-2200289---450- 001 990008180250403321 005 20050907105841.0 035 $a000818025 035 $aFED01000818025 035 $a(Aleph)000818025FED01 035 $a000818025 100 $a20050907d1909----km-y0itaa50------ba 101 0 $aita 102 $aIT 105 $a--------001yy 200 1 $aA proposito di alcuni giudizi su Alessandro Manzoni$fGiosuč Carducci 210 $aMilano$cCasa editrice italiana$d1909 215 $a255 p.$d16 cm 676 $a851.8 700 1$aCarducci,$bGiosuč$f<1835-1907>$0385470 801 0$aIT$bUNINA$c20050907$gRICA$2UNIMARC 901 $aBK 912 $a990008180250403321 952 $aF.Russo 1111$fBAT 959 $aBAT 996 $aA proposito di alcuni giudizi su Alessandro Manzoni$9735773 997 $aUNINA LEADER 04340nam 2200757 450 001 996398646703316 005 20230307224322.0 010 $a3-11-071290-3 024 7 $a10.1515/9783110712902 035 $a(CKB)4100000011717015 035 $a(DE-B1597)563498 035 $a(DE-B1597)9783110712902 035 $a(OCoLC)1229160819 035 $aEBL7014899 035 $a(AU-PeEL)EBL7014899 035 $a(oapen)https://directory.doabooks.org/handle/20.500.12854/61797 035 $a(PPN)263043819 035 $a(EXLCZ)994100000011717015 100 $a20210106h20202020 fy 0 101 0 $aeng 135 $aur||#|||||||| 181 $ctxt$2rdacontent 182 $cc$2rdamedia 183 $acr$2rdacarrier 200 00$aUsing Ostraca in the Ancient World $enew discoveries and methodologies /$fedited by Clementina Caputo and Julia Lougovaya 210 $cDe Gruyter$d2021 210 1$aBerlin ;$aBoston :$cDe Gruyter,$d[2020] 210 4$d©2021 215 $a1 online resource (vi, 245 pages) $cillustrations (chiefly colour); digital file(s) 225 1 $aMateriale Textkulturen ;$v32 300 $aDescription based upon print version of record. 311 08$aPrint version: using ostraca in the ancient world. Berlin : De Gruyter, [2020] 9783110712865 3110712865 327 $aIntroduction -- I. Documentation and Interpretation of Ostraca as Archaeological Objects -- Papyri and Ostraca as Archaeological Objects: The Importance of Context -- Pottery Sherds for Writing: An Overview of the Practice -- Photography of Papyri and Ostraca -- II. Cultural Contexts and Practices -- The Survival of Pharaonic Ostraca: Coincidence or Meaningful Patterns? -- Greek Literary Ostraca Revisited -- III. Ostraca in Context: Case Studies -- Hi A?u?ab: Aramaic Letter Ostraca from Elephantine -- Ostraca and Tituli Picti of Samut North and Bi?r Samut (Eastern Desert of Egypt): Some Reflections on Find Location -- Demotic Ostraca and Their Use in Egyptian Temple Context from the Greco-Roman Period: Soknopaiou Nesos and Hut-Repit -- ?Forgive Me, Because I Could Not Find Papyrus?: The Use and Distribution of Ostraca in Late Antique Western Thebes -- Contributors -- Indices 330 $aThroughout Egypt?s long history, pottery sherds and flakes of limestone were commonly used for drawings and short-form texts in a number of languages. These objects are conventionally called ostraca, and thousands of them have been and continue to be discovered. This volume highlights some of the methodologies that have been developed for analyzing the archaeological contexts, material aspects, and textual peculiarities of ostraca. 410 0$aMateriale Textkulturen ;$v32. 606 $aOstraca 606 $aOstraca$zEgypt 606 $aHISTORY / Ancient / Egypt$2bisacsh 607 $aEgypt$xAntiquities 610 $aAncient Egypt. 610 $aEgyptology. 610 $aOstraca. 610 $aPapyrology. 615 0$aOstraca. 615 0$aOstraca 615 7$aHISTORY / Ancient / Egypt. 676 $a932 686 $aAM 45200$2rvk 700 $aCaputo$b Clementina$4auth$01136823 702 $aCaputo$b Clementina$4edt$4http://id.loc.gov/vocabulary/relators/edt 702 $aLougovaya$b Julia$4edt$4http://id.loc.gov/vocabulary/relators/edt 702 $aBu?low-Jacobsen$b Adam$4ctb$4https://id.loc.gov/vocabulary/relators/ctb 702 $aHaring$b B. J. J.$4ctb$4https://id.loc.gov/vocabulary/relators/ctb 702 $aRedon$b Be?range?re$4ctb$4https://id.loc.gov/vocabulary/relators/ctb 702 $aCromwell$b Jennifer$4ctb$4https://id.loc.gov/vocabulary/relators/ctb 702 $aSchentuleit$b Maren$4ctb$4https://id.loc.gov/vocabulary/relators/ctb 702 $aFolmer$b M. L.$4ctb$4https://id.loc.gov/vocabulary/relators/ctb 702 $aChaufray$b Marie-Pierre$f1980-,$4ctb$4https://id.loc.gov/vocabulary/relators/ctb 702 $aDavoli$b Paola$4ctb$4https://id.loc.gov/vocabulary/relators/ctb 702 $aLippert$b Sandra Luisa$4ctb$4https://id.loc.gov/vocabulary/relators/ctb 712 02$aDeutsche Forschungsgemeinschaft$4fnd$4http://id.loc.gov/vocabulary/relators/fnd 801 2$bUkMaJRU 906 $aBOOK 912 $a996398646703316 996 $aUsing Ostraca in the Ancient World$93023521 997 $aUNISA LEADER 06333nam 22007095 450 001 9910299448103321 005 20250609110738.0 010 $a3-319-11385-2 024 7 $a10.1007/978-3-319-11385-2 035 $a(CKB)3710000000393521 035 $a(EBL)2094083 035 $a(SSID)ssj0001501137 035 $a(PQKBManifestationID)11830568 035 $a(PQKBTitleCode)TC0001501137 035 $a(PQKBWorkID)11523418 035 $a(PQKB)11569361 035 $a(DE-He213)978-3-319-11385-2 035 $a(MiAaPQ)EBC2094083 035 $a(PPN)185484018 035 $a(MiAaPQ)EBC3109295 035 $a(EXLCZ)993710000000393521 100 $a20150407d2015 u| 0 101 0 $aeng 135 $aur|n|---||||| 181 $ctxt 182 $cc 183 $acr 200 10$aSustainable Development of Sea-Corridors and Coastal Waters $eThe TEN ECOPORT project in South East Europe /$fedited by Chrysostomos Stylios, Tania Floqi, Jordan Marinski, Leonardo Damiani 205 $a1st ed. 2015. 210 1$aCham :$cSpringer International Publishing :$cImprint: Springer,$d2015. 215 $a1 online resource (249 p.) 300 $aDescription based upon print version of record. 311 08$a3-319-11384-4 320 $aIncludes bibliographical references and index. 327 $aPart I: Assessment.- Integrated assessment of the quality of harbour sediments: Case study based on a comparative analysis of sediments quality of two industrial ports: Bourgas (BG) and Bari (IT).-  The Influence of Oil, Dispersed Oil and the Oil Dispersant SD-25 on the Heart Rate of the Mediterranean Mussel (M. galloprovincialis L.) -- Assessing the impact of Port Burgas on Air Quality during different seasons -- Application of Zero Liquid Discharge water treatment units for wastewater reclamation: Possible application in marine ports -- Physical?chemical parameters and assessment of pollution through bioindicators of Narta Lagoon -- Water quality assessment of the Bourgas Port waters -- Assessment of soft-bottom communities and ecological quality status surrounding Constanta and Mangalia ports (Black Sea) -- Application of hydrodynamic, pollution drift and wave models as tools for better environmental management of ports -- Design of waves energy distribution for the harbour protection and coastal shore protection -- Part II: Monitoring -- Multi-compartment water quality assessment of port Burgas and Burgas bay -- Application of an environmental monitoring strategy in the Port of Bari -- The Black Sea Security System ? a New Early Warning and Environmental Monitoring System -- Environmental assessment in Durrės port based on pollution indicators -- Coastal marine environment monitoring using satellite data derived from MODIS instrument -- Part III: Sustainable Management System -- Guidelines for elaboration Management Action Plan for ecologically sustainable development and management of SEE sea ports of Trans-European Transport networks -- Eco-mapping as an Integrated Approach in Environmental Protection in Ports and Adjacent Urbanized Areas -- Process performance measures and monitoring/control for a sustainable management of South East Europe Ports? areas -- Sustainable Coastal Management: Case Studies -- The evaluation of integrated planning and management initiatives of coastal areas for sustainable development: The case of Albania -- Part IV: Port Processes.- Evidence-based monitoring for sustainable development of port and Chain operations -- The progressive regulation of the passage of large cruise ships in Venice: the decision-making proceedings between law and stakeholder pressure -- The Strategic Role of Port Community Systems for enhancing Business Operations and Productivity: The Case of the Port Authority of Igoumenitsa -- Greener port performance through ICT -- Part V: Historical Ports -- Assessment and development of historical ports -- Transformations of the relationship of the city of Patras and its port from 1828 till today -- Ports Dubrovnik and Bar ? cooperation opportunities for development of sustainable cruise tourism. 330 $aEdited in collaboration with TEN ECOPORT project, this volume contains the proceedings of the 1st International Conference on ?Sustainable Development of the Sea-corridors and Coastal Waters?. The book highlights the advances of environmental pollution management on ports and coastal zones. Particular attention is given to water quality, issues that concern the marine environment of sea corridors and coastal waters, especially in regions surrounding ports. In addition to these topics the chapters explore novel methodologies and technologies, IT solutions, data and instrumentation of monitoring water quality. The book is organized into five parts: assessment, monitoring, sustainable management system, port processes and historical ports.   TEN ECOPORT (Transnational ENhancement of ECOPORT8 network) is a project co-financed by the South East Europe Transnational Cooperation Programme. For more information please see http://www.tenecoport.eu/). 606 $aOceanography 606 $aCoasts 606 $aMarine sciences 606 $aFresh water 606 $aOceanography$3https://scigraph.springernature.com/ontologies/product-market-codes/G25005 606 $aCoastal Sciences$3https://scigraph.springernature.com/ontologies/product-market-codes/G35020 606 $aMarine & Freshwater Sciences$3https://scigraph.springernature.com/ontologies/product-market-codes/U36000 615 0$aOceanography. 615 0$aCoasts. 615 0$aMarine sciences. 615 0$aFresh water. 615 14$aOceanography. 615 24$aCoastal Sciences. 615 24$aMarine & Freshwater Sciences. 676 $a55 676 $a551.4 676 $a551.46 676 $a551457 702 $aStylios$b Chrysostomos$4edt$4http://id.loc.gov/vocabulary/relators/edt 702 $aFloqi$b Tania$4edt$4http://id.loc.gov/vocabulary/relators/edt 702 $aMarinski$b Jordan$4edt$4http://id.loc.gov/vocabulary/relators/edt 702 $aDamiani$b Leonardo$4edt$4http://id.loc.gov/vocabulary/relators/edt 906 $aBOOK 912 $a9910299448103321 996 $aSustainable Development of Sea-Corridors and Coastal Waters$92520679 997 $aUNINA